MANUAL OF PHARMACOLOGY (Record no. 2967)

MARC details
000 -LEADER
fixed length control field 00357nam a2200145Ia 4500
008 - FIXED-LENGTH DATA ELEMENTS--GENERAL INFORMATION
fixed length control field 150201s1999 xx 000 0 und d
082 ## - DEWEY DECIMAL CLASSIFICATION NUMBER
Classification number 615.321
Item number M1999G
100 ## - MAIN ENTRY--PERSONAL NAME
Personal name GUPTA L.C.
245 ## - TITLE STATEMENT
Title MANUAL OF PHARMACOLOGY
250 ## - EDITION STATEMENT
Edition statement 4TH
260 ## - PUBLICATION, DISTRIBUTION, ETC. (IMPRINT)
Name of publisher, distributor, etc. JAYPEE MEDICAL PUBLISHER
Place of publication, distribution, etc. NEW DELHI
Date of publication, distribution, etc. 1999
300 ## - PHYSICAL DESCRIPTION
Extent 1-224
650 ## - SUBJECT ADDED ENTRY--TOPICAL TERM
Topical term or geographic name as entry element PHARMACOLOGY
942 ## - ADDED ENTRY ELEMENTS (KOHA)
Source of classification or shelving scheme Dewey Decimal Classification
Koha item type Books
Holdings
Withdrawn status Lost status Source of classification or shelving scheme Damaged status Not for loan Home library Current library Date acquired Source of acquisition Cost, normal purchase price Serial Enumeration / chronology SGTU Bill Number Total Checkouts Full call number Barcode Date last seen Bill Date Koha item type
    Dewey Decimal Classification     SGT Dental Library SGT Dental Library 15/05/2004 U.B.S.DELHI 60.00 1 SGTU 120   615.321 M1999G FD2071 09/02/2015 14/03/2012 Books
    Dewey Decimal Classification     SGT Dental Library SGT Dental Library 15/05/2004 U.B.S.DELHI 60.00 1 SGTU 120   615.321 M1999G FD2072 09/02/2015 14/03/2012 Books
    Dewey Decimal Classification     SGT Dental Library SGT Dental Library 15/05/2004 U.B.S.DELHI 60.00 1 SGTU 120   615.321 M1999G FD2073 09/02/2015 14/03/2012 Books
    Dewey Decimal Classification     SGT Dental Library SGT Dental Library 15/05/2004 U.B.S.DELHI 60.00 1 SGTU 120   615.321 M1999G FD2074 09/02/2015 14/03/2012 Books
    Dewey Decimal Classification     SGT Dental Library SGT Dental Library 15/05/2004 U.B.S.DELHI 60.00 1 SGTU 120   615.321 M1999G FD2075 09/02/2015 14/03/2012 Books
    Dewey Decimal Classification     SGT Dental Library SGT Dental Library 15/05/2004 U.B.S.DELHI 60.00 1 SGTU 120   615.321 M1999G FD2076 09/02/2015 14/03/2012 Books
    Dewey Decimal Classification     SGT Dental Library SGT Dental Library 15/05/2004 U.B.S.DELHI 60.00 1 SGTU 120   615.321 M1999G FD2077 09/02/2015 14/03/2012 Books
    Dewey Decimal Classification     SGT Dental Library SGT Dental Library 15/05/2004 U.B.S.DELHI 60.00 1 SGTU 120   615.321 M1999G FD2078 09/02/2015 14/03/2012 Books
    Dewey Decimal Classification     SGT Dental Library SGT Dental Library 15/05/2004 U.B.S.DELHI 60.00 1 SGTU 120   615.321 M1999G FD2079 09/02/2015 14/03/2012 Books
    Dewey Decimal Classification     SGT Dental Library SGT Dental Library 15/05/2004 U.B.S.DELHI 60.00 1 SGTU 120   615.321 M1999G FD2080 09/02/2015 14/03/2012 Books